<?xml version="1.0" encoding="UTF-8"?>
<collection xmlns="http://www.loc.gov/MARC21/slim">
    <record>
        <controlfield tag="001">46565</controlfield>
        <controlfield tag="005">20170504090232.0</controlfield>
        <datafield tag="024" ind1="7" ind2=" ">
            <subfield code="2">doi</subfield>
            <subfield code="a">10.1016/j.redee.2015.03.002</subfield>
        </datafield>
        <datafield tag="024" ind1="8" ind2=" ">
            <subfield code="2">sideral</subfield>
            <subfield code="a">90890</subfield>
        </datafield>
        <datafield tag="037" ind1=" " ind2=" ">
            <subfield code="a">ART-2015-90890</subfield>
        </datafield>
        <datafield tag="041" ind1=" " ind2=" ">
            <subfield code="a">spa</subfield>
        </datafield>
        <datafield tag="100" ind1=" " ind2=" ">
            <subfield code="0">(orcid)0000-0002-2402-327X</subfield>
            <subfield code="a">Matute Vallejo, J.</subfield>
        </datafield>
        <datafield tag="245" ind1=" " ind2=" ">
            <subfield code="a">Las características del boca-oído electrónico y su influencia en la intención de recompra online</subfield>
        </datafield>
        <datafield tag="260" ind1=" " ind2=" ">
            <subfield code="c">2015</subfield>
        </datafield>
        <datafield tag="506" ind1="0" ind2=" ">
            <subfield code="a">Access copy available to the general public</subfield>
            <subfield code="f">Unrestricted</subfield>
        </datafield>
        <datafield tag="520" ind1="3" ind2=" ">
            <subfield code="a">Con la creciente expansio´n de Internet, cada vez es ma´s habitual que las empresas incluyan en sus pa´gi- nas de venta online un espacio virtual donde los usuarios compartan informacio´n sobre los productos o servicios ofrecidos. Este estudio explora las caracteri´sticas de las recomendaciones publicadas por los usuarios (cantidad, credibilidad y calidad del boca-oi´do electro´nico) como antecedentes de la intencio´n de recompra a trave´s de su influencia en la actitud y confianza hacia el vendedor online y en la utili- dad percibida de la tienda virtual. Para contrastar las hipo´tesis propuestas se procedio´ al disen ~o de una encuesta online, utiliza´ndose una muestra de conveniencia formada por 252 consumidores. El modelo fue testado mediante ecuaciones estructurales, utilizando la te´cnica Partial Least Squares (PLS). Los resulta- dos muestran que, si bien todas las caracteri´sticas del boca-oi´do electro´nico influyen positivamente en la utilidad percibida de la pa´gina web, solo la calidad de los comentarios influye en la confianza. Asimismo, una mayor cantidad de recomendaciones en la plataforma puede afectar negativamente a la confianza en el vendedor online. Este trabajo pone de manifiesto la importancia de la actitud hacia el vendedor y la utilidad percibida de la pa´gina web como antecedentes de la intencio´n de recompra online.</subfield>
        </datafield>
        <datafield tag="536" ind1=" " ind2=" ">
            <subfield code="9">info:eu-repo/grantAgreement/ES/MINECO/ECO2011-23027</subfield>
        </datafield>
        <datafield tag="540" ind1=" " ind2=" ">
            <subfield code="9">info:eu-repo/semantics/openAccess</subfield>
            <subfield code="a">by-nc-nd</subfield>
            <subfield code="u">http://creativecommons.org/licenses/by-nc-nd/3.0/es/</subfield>
        </datafield>
        <datafield tag="655" ind1=" " ind2="4">
            <subfield code="a">info:eu-repo/semantics/article</subfield>
            <subfield code="v">info:eu-repo/semantics/publishedVersion</subfield>
        </datafield>
        <datafield tag="700" ind1=" " ind2=" ">
            <subfield code="0">(orcid)0000-0002-3119-5838</subfield>
            <subfield code="a">Polo Redondo, Y.</subfield>
            <subfield code="u">Universidad de Zaragoza</subfield>
        </datafield>
        <datafield tag="700" ind1=" " ind2=" ">
            <subfield code="0">(orcid)0000-0003-3975-6043</subfield>
            <subfield code="a">Utrillas Acerete, A.</subfield>
            <subfield code="u">Universidad de Zaragoza</subfield>
        </datafield>
        <datafield tag="710" ind1="2" ind2=" ">
            <subfield code="1">4011</subfield>
            <subfield code="2">095</subfield>
            <subfield code="a">Universidad de Zaragoza</subfield>
            <subfield code="b">Departamento de Dirección de Marketing e Investigación de Mercados</subfield>
            <subfield code="c">Comercialización e Investigación de Mercados</subfield>
        </datafield>
        <datafield tag="773" ind1=" " ind2=" ">
            <subfield code="g">24, 2 (2015), 61-75</subfield>
            <subfield code="p">Rev. eur. dir. econ. empresa</subfield>
            <subfield code="t">Revista europea de dirección y economía de la empresa</subfield>
            <subfield code="x">1019-6838</subfield>
        </datafield>
        <datafield tag="856" ind1="4" ind2=" ">
            <subfield code="s">1229037</subfield>
            <subfield code="u">http://zaguan.unizar.es/record/46565/files/texto_completo.pdf</subfield>
            <subfield code="y">Versión publicada</subfield>
        </datafield>
        <datafield tag="856" ind1="4" ind2=" ">
            <subfield code="s">93593</subfield>
            <subfield code="u">http://zaguan.unizar.es/record/46565/files/texto_completo.jpg?subformat=icon</subfield>
            <subfield code="x">icon</subfield>
            <subfield code="y">Versión publicada</subfield>
        </datafield>
        <datafield tag="909" ind1="C" ind2="O">
            <subfield code="o">oai:zaguan.unizar.es:46565</subfield>
            <subfield code="p">articulos</subfield>
            <subfield code="p">driver</subfield>
        </datafield>
        <datafield tag="951" ind1=" " ind2=" ">
            <subfield code="a">2017-05-04-08:59:58</subfield>
        </datafield>
        <datafield tag="980" ind1=" " ind2=" ">
            <subfield code="a">ARTICLE</subfield>
        </datafield>
    </record>

    
</collection>